| 000 | 01236naa a22003137a 4500 | ||
|---|---|---|---|
| 001 | BR7703488 | ||
| 003 | BR-BrBNA | ||
| 005 | 20240918174015.0 | ||
| 007 | ta | ||
| 008 | 230509b bl.||||| |||| 00| 0 por d | ||
| 040 |
_aBR-BrBNA _bpor _cBiblioteca Nacional de Agricultura |
||
| 041 | _a(Pt) | ||
| 072 |
_aS00; S30 _b/G514 |
||
| 090 | _aS00 BR7703488 | ||
| 100 | 1 | _aNort, E. | |
| 100 | 1 | _aDetoni Junior, C. | |
| 111 | 1 |
_aReuniao Regional Sul da Sociedade Brasileira para o Progresso da Ciencia _cFlorianopolis, SC (Brazil) _d9 May 1977 |
|
| 245 | 1 | _aIncentivo a alimentacao do trabalhador [Nutricao humana; Baixa renda; Santa Catarina; Brasil] | |
| 260 | 3 |
_aFlorianopolis, SC (Brasil): _c1977. |
|
| 500 | _aReuniao Regional Sul da Sociedade Brasileira para o Progresso da Ciencia. Resumos Florianopolis, SC (Brasil): 1977. p. 111 (BR7703488-AM)S00 | ||
| 650 | _aNutricao humana | ||
| 650 | _aAlimentacao | ||
| 650 | _aBaixa renda | ||
| 650 | _aDeficiencia nutricional | ||
| 650 | _aSanta Catarina | ||
| 773 | 0 |
_tReuniao Regional Sul da Sociedade Brasileira para o Progresso da Ciencia. Resumos _wS00 BR7703488 _gFlorianopolis, SC (Brasil), 1977. p. 111 |
|
| 909 |
_a202404 _bLucia _c55 _dLucia Elande |
||
| 942 |
_cAM _2AGRIS |
||
| 999 |
_c308286 _d308286 |
||